Normal view
MARC view
- Girders.
Entry Topical Term
001 - CONTROL NUMBER
- control field: 25190
003 - CONTROL NUMBER IDENTIFIER
- control field: NUST
005 - DATE AND TIME OF LATEST TRANSACTION
- control field: 20191105113755.0
008 - FIXED-LENGTH DATA ELEMENTS
- fixed length control field: 191105|| aca||aabn | a|a d
040 ## - CATALOGING SOURCE
- Original cataloging agency: NUST
- Transcribing agency: NUST
150 ## - HEADING--TOPICAL TERM
- Topical term or geographic name entry element: Girders.
670 ## - SOURCE DATA FOUND
- Source citation: Work cat.: (NUST): Fares, Nabil. 25189, Practical approximate analysis of beams and frames /, 2012.
